Valorizace důchodové soustavy - návrh způsobu úpravy.

Rozdiely medzi starými a novými dôchodkami po zmene ich výpočtu v 70. rokoch. Dva spôsoby valorizácie dôchodkov uplatňované v SRN a v Rakúsku. Indexový systém s premenlivým vymerovacím základom. Systém valorizácie podľa smerného čísla. Návrh na valorizáciu dôchodkov pomocou pevnej čiastky a percenta...

Ausführliche Beschreibung

Gespeichert in:
Bibliographische Detailangaben
1. Verfasser: Opletal, R.
Format: Buchkapitel
Sprache:Tschechisch
Schlagworte:
Tags: Tag hinzufügen
Keine Tags, Fügen Sie das erste Tag hinzu!

MARC

LEADER 00000naa a2200000 4500
001 r002221
005 20220819180008.2
041 0 |a cze 
044 |a [CS] 
245 1 0 |a Valorizace důchodové soustavy - návrh způsobu úpravy.  |c R. Opletal 
520 |a Rozdiely medzi starými a novými dôchodkami po zmene ich výpočtu v 70. rokoch. Dva spôsoby valorizácie dôchodkov uplatňované v SRN a v Rakúsku. Indexový systém s premenlivým vymerovacím základom. Systém valorizácie podľa smerného čísla. Návrh na valorizáciu dôchodkov pomocou pevnej čiastky a percenta. 
610 2 0 |a zabezpečenie dôchodkové 
610 2 0 |a dôchodky 
610 2 0 |a Nemecko 
610 2 0 |a Rakúsko 
610 2 0 |a indexy 
610 2 0 |a ČSFR 
100 1 |a Opletal, R.